000 01369nam a2200253Ia 4500
999 _c36575
_d36575
001 2494
003 GE_BSU
005 20230825172631.0
008 181216s2011||||ge |||||||||||||| ||geo||
020 _a9789941432477
040 _cGE_BSU
041 _ageo
080 _a657(076) ბ–40
100 _aმაღლაკელიძე, დეზდემონა
_919718
245 _aბუღალტრული აღრიცხვის საფუძვლები :
_b(ბუღალტრული აღრიცხვის საერთაშორისო სტანდარტების მიხედვით) /
_cდეზდემონა მაღლაკელიძე, ნათელა ვაშაკიძე; რედ. იაკობ მესხია.
250 _aმე-2 გამოცემა დამატებებითა და შესწორებებით.
264 _aქუთაისი,
_c2011.
300 _a160 გვ.;
_b28 სმ.
653 _aსაბუღალტრო აღრიცხვა
653 _aპრაქტიკული სავარჯიშოები
700 _aვაშაკიძე, ნათელა
_eავტორი
_915593
700 _aმესხია, იაკობ
_eრედაქტორი
_919719
942 _cBK
_2udc